| 000 | 00772 a2200193 4500 | ||
|---|---|---|---|
| 003 | Nust | ||
| 005 | 20230404104700.0 | ||
| 020 | _a0283989041 | ||
| 040 | _cNust | ||
| 082 | _a909.82,NIX | ||
| 100 | _aNixon, Richard | ||
| 245 |
_aLeaders: _bProfiles and reminiscences about men who have shaped the modern world / _cRichard Nixon, |
||
| 260 |
_aWarner Book , Inc _bU.S.A _c1982 |
||
| 300 |
_a371 p _billus _c19 cm |
||
| 505 | _aThey Made a Differences (Page-1), Winston Churchill (Page-7), Charles de Gaulle (Page-40), Douglas MacArthur and Shigeru Yoshida (Page-81), Konrad Adenauer (Page-133), Zhou Enlai (Page-217), A New World (Page-249), In the Arena (Page-320). | ||
| 600 |
_aNixon, Richard _9111690 |
||
| 650 |
_aLeaders; _9111691 |
||
| 942 |
_2ddc _cBK _k909.82,NIX |
||
| 999 |
_c186182 _d186182 |
||